UNESCO World Heritage Sites in Australia (on a map) - Statistics

General Stats
  • This quiz has been taken 93 times
  • The average score is 5 of 20
Answers on the Map
Answers color-coded by a green-red scale on the quiz's map according to % correct below.
 
Answer Stats
Site % Correct
Uluru-Kata Tjuta National Park
88%
Great Barrier Reef
79%
Sydney Opera House
54%
Kakadu National Park
41%
Greater Blue Mountains Area
37%
Tasmanian Wilderness
32%
Shark Bay
31%
Fraser Island
24%
Lord Howe Island Group
24%
Macquarie Island
18%
Ningaloo Coast
16%
Gondwana Rainforests of Australia
15%
Royal Exhibition Building and Carlton Gardens
13%
Australian Convict Sites
12%
Heard and McDonald Islands
12%
Purnululu National Park
12%
Wet Tropics of Queensland
12%
Willandra Lakes Region
12%
Australian Fossil Mammal Sites: Riversleigh and Naracoorte
10%
Bujd Bim Cultural Landscape
4%
No matching quizzes found
Score Distribution
Percent of People with Each Score
Percentile by Number Answered
Your Score History
You have not taken this quiz